[Event "Muret Veterans op"]
[Site "Muret"]
[Date "2009.06.18"]
[Round "4"]
[White "Solomon, Alexandru"]
[Black "Peric, Slavisa"]
[Result "1/2-1/2"]
[WhiteElo "2265"]
[BlackElo "2277"]
[PlyCount "69"]
[EventDate "2009.06.15"]
[EventType "swiss"]
[EventRounds "7"]
[EventCountry "FRA"]
[SourceTitle "EXT 2010"]
[Source "ChessBase"]
[SourceDate "2010.11.25"]
[SourceVersion "1"]
[SourceVersionDate "2010.11.25"]
[SourceQuality "1"]

1. c4 c6 2. Nc3 d5 3. d4 Nf6 4. cxd5 cxd5 5. Bf4 Nc6 6. e3 a6 7. h3 e6 8. Bd3 Bd6 9. Nge2 0-0 10. 0-0 Bxf4 11. exf4 b5 12. a3 Qd6 13. b4 g6 14. Qd2 Bd7 15. Rfc1 Rfc8 16. Qe3 Be8 17. g4 Nd7 18. Nb1 Nb6 19. Nd2 Nc4 20. Bxc4 bxc4 21. Nc3 Bd7 22. Nf3 f6 23. Kg2 Rf8 24. Ne2 Rae8 25. Qd2 Rd8 26. Nc3 Kg7 27. Re1 h6 28. Ne2 Be8 29. Ng3 Bf7 30. g5 fxg5 31. fxg5 h5 32. Ne5 Nxe5 33. Rxe5 Be8 34. Rae1 Bd7 35. Ne2 1/2-1/2

[Event "Muret Veterans op"]
[Site "Muret"]
[Date "2009.06.16"]
[Round "2"]
[White "Solomon, Alexandru"]
[Black "Jean, Robert"]
[Result "1-0"]
[WhiteElo "2265"]
[BlackElo "1842"]
[PlyCount "103"]
[EventDate "2009.06.15"]
[EventType "swiss"]
[EventRounds "7"]
[EventCountry "FRA"]
[SourceTitle "EXT 2010"]
[Source "ChessBase"]
[SourceDate "2010.11.25"]
[SourceVersion "1"]
[SourceVersionDate "2010.11.25"]
[SourceQuality "1"]

1. d4 Nf6 2. g3 g6 3. Bg2 Bg7 4. e4 d6 5. c3 0-0 6. Ne2 e5 7. Bg5 Qe8 8. Bxf6 Bxf6 9. 0-0 Bg7 10. Na3 a6 11. Nc2 Nc6 12. Qd2 f5 13. exf5 Bxf5 14. d5 Ne7 15. a4 Bd7 16. a5 Nf5 17. c4 Qe7 18. Nc3 Rae8 19. Ne4 Qd8 20. Qd3 Qc8 21. b4 Nd4 22. Nxd4 exd4 23. Ra2 Bf5 24. f3 Bxe4 25. fxe4 Rxf1+ 26. Kxf1 Rf8+ 27. Rf2 Rxf2+ 28. Kxf2 Qf8+ 29. Ke2 Qe7 30. Bh3 Qd8 31. Be6+ Kf8 32. Qf3+ Qf6 33. Qxf6+ Bxf6 34. Bc8 b6 35. Bxa6 Bd8 36. Bb7 bxa5 37. bxa5 c5 38. a6 Bb6 39. g4 g5 40. Kd3 Ke7 41. e5 dxe5 42. Ke4 Kd6 43. Bc6 h6 44. Ba4 Ba7 45. Bc2 Bb8 46. Kf5 Ke7 47. Kg6 Ba7 48. Kxh6 Kf6 49. Kh5 Bb6 50. h4 gxh4 51. g5+ Kg7 52. Kxh4 1-0

[Event "Muret Veterans op"]
[Site "Muret"]
[Date "2009.06.15"]
[Round "1"]
[White "Delhom, Raoul"]
[Black "Solomon, Alexandru"]
[Result "0-1"]
[WhiteElo "1773"]
[BlackElo "2265"]
[PlyCount "66"]
[EventDate "2009.06.15"]
[EventType "swiss"]
[EventRounds "7"]
[EventCountry "FRA"]
[SourceTitle "EXT 2010"]
[Source "ChessBase"]
[SourceDate "2010.11.25"]
[SourceVersion "1"]
[SourceVersionDate "2010.11.25"]
[SourceQuality "1"]

1. Nf3 g6 2. g3 Bg7 3. d3 d5 4. c3 Nc6 5. Be3 Nf6 6. h3 0-0 7. Qd2 Re8 8. Bh6 Bh8 9. h4 e5 10. Bg5 h5 11. Bh3 Bxh3 12. Rxh3 Qd7 13. Rh1 e4 14. Nh2 exd3 15. Qxd3 Ne5 16. Qc2 Qb5 17. Na3 Qa5 18. 0-0-0 Ne4 19. Rhf1 c6 20. Bd2 Qa6 21. Be3 Rad8 22. Kb1 c5 23. Bf4 Nc6 24. Rd3 d4 25. Bd2 dxc3 26. Bxc3 Bxc3 27. Rxc3 Nd4 28. Qd3 Nxe2 29. Qxa6 N2xc3+ 30. bxc3 bxa6 31. Kc2 Rd2+ 32. Kb3 Rb8+ 33. Kc4 Rxa2 0-1